Leviatán
Spremljeno u:
| Glavni autor: | |
|---|---|
| Format: | Knjiga |
| Jezik: | španjolski |
| Izdano: |
Madrid
Nacional
1983
|
| Izdanje: | 2a. ed |
| Serija: | Biblioteca de la Literatura y el Pensamiento Universales, 28
|
| Teme: | |
| Oznake: |
Dodaj oznaku
Bez oznaka, Budi prvi tko označuje ovaj zapis!
|
MARC
| LEADER | 00000nam a2200000 a 4500 | ||
|---|---|---|---|
| 001 | UCP2361 | ||
| 003 | CL-VaPUC | ||
| 008 | 990514e19830000SP |||||||||||||||||spa|d | ||
| 020 | |a 8427604823 | ||
| 082 | 0 | 4 | |a 320.101 |b HOB |2 21 |
| 100 | |a Hobbes, Thomas |e author |9 223165 | ||
| 245 | 1 | 0 | |a Leviatán |
| 250 | |a 2a. ed | ||
| 300 | |a 743 p | ||
| 942 | |c BK | ||
| 945 | |d 19990514 00:00:00 |a lriquelm | ||
| 260 | |a Madrid |b Nacional |c 1983 | ||
| 650 | 7 | |a FILOSOFIA POLITICA |2 CL-VaPUC |9 429069 | |
| 650 | 7 | |a HOMBRE |2 CL-VaPUC |9 262149 | |
| 650 | 0 | |a República |9 310048 | |
| 650 | 0 | |a Ciencias Políticas |9 255201 | |
| 650 | 0 | |a Sociología |9 255410 | |
| 650 | 0 | |a Doctrinas políticas |9 255835 | |
| 650 | 7 | |a SISTEMAS POLITICOS |2 CL-VaPUC |9 429070 | |
| 650 | 0 | |a Derechos humanos |9 223025 | |
| 650 | 0 | |a Iglesia |9 255004 | |
| 583 | |a last modification |c 19990514 00:00:00 |k Rodrigo Vera | ||
| 490 | 0 | |a Biblioteca de la Literatura y el Pensamiento Universales, 28 | |
| 999 | |c 280908 |d 280906 | ||
| 952 | |0 0 |1 0 |4 0 |6 320_101000000000000_HOB_1983 |7 0 |8 R |9 321441 |a BIBHIS |b BIBHIS |d 2019-11-20 |i 1348981 |o 320.101 HOB 1983 |p 1348981 |r 2024-01-30 |w 2019-11-20 |y BK_R |k HIS | ||
| 952 | |0 0 |1 0 |4 0 |6 320_101000000000000_HOB_1983 |7 0 |8 A |9 321442 |a BIBDER |b BIBDER |d 2019-11-20 |i 3919498 |l 5 |m 1 |o 320.101 HOB 1983 |p 3919498 |r 2024-11-04 |s 2024-10-16 |w 2019-11-20 |y BK |k DER | ||